| 000 | 00917 a2200253 4500 | ||
|---|---|---|---|
| 999 |
_c1562 _d1562 |
||
| 020 | _a0813808979 (v. 1) | ||
| 020 | _a0813808987 (v. 2) | ||
| 050 | 0 | 0 | _aHD9000.6 WOR 1989 |
| 100 |
_aHelmuth, John W. _eeditor |
||
| 245 | 1 | 0 |
_a1988 World Food Conference proceedings / _cedited by John W. Helmuth, Stanley R. Johnson ; foreword by Terry E. Branstad. |
| 250 | _a1st ed. | ||
| 264 |
_aAmes, Iowa _bIowa State University Press _c1989 |
||
| 300 |
_a265p. : _bill. ; |
||
| 500 | _aHeld in Ames, Iowa. | ||
| 504 | _aIncludes bibliographical references. | ||
| 650 | 0 |
_aFood supply _xGovernment policy _xCongresses. |
|
| 650 | 0 |
_aNutrition policy _xCongresses. |
|
| 650 | 0 |
_aAgriculture and state _xCongresses. |
|
| 650 | 0 |
_aProduce trade _xGovernment policy _xCongresses. |
|
| 700 | 1 | _aHelmuth, John W. | |
| 700 | 1 |
_aJohnson, Stanley R., _d1938- |
|
| 710 | 2 | _aIowa State University. | |
| 942 |
_2lcc _cBK _h9000.6 _iWOR _kHD |
||